000 00563nam a2200193Ia 4500
008 240729s9999 xx 000 0 und d
022 _a2159-3930
245 0 _aOptical Materials Express
260 _aUnited States
260 _bOptica Publishing Group
650 _a Applied optics. Photonics | Science
650 _a Engineering (General). Civil engineering (General)
650 _a Optics. Light
650 _a Physics
650 _aTechnology
856 _uhttps://doaj.org/toc/eeb6e8a7060f4560ba0b083d04e099a1
942 _2ddc
942 _cDOAJEJ
999 _c73026
_d73026
945 _a1
_bMadushi Gamage
_c1
_dMadushi Gamage